Captcha ! Êtes-vous un robot ? - Statistiques

Statistiques générales
  • Ce quiz a été pris 61 fois
  • Le résultat moyen est 16 sur 20
Statistiques - réponses
Par images Réponse % Correct
YNNWVU6
100%
2K3UZ
96%
9ONBO
95%
W425C
95%
AQE4YY
94%
B67FN
94%
BN078
94%
8VT6G
92%
649KUC
91%
AXWW2
91%
ZW79T
91%
N87XZ
90%
U6CZW
90%
9BKUFD
89%
35FZFE752
88%
67B8D4
88%
7A698W
88%
B76KK
88%
CSZEC87
86%
3766E9
85%
76TGN
85%
H69JT
85%
Q8B7Q
85%
45ERF
84%
02LID
83%
4362VSE
83%
78NBB
83%
B5RV6
83%
VWZ86
83%
BVX6B
82%
LFICKK
82%
3SXSW
81%
67BTZZ
81%
B87TT9V
81%
213A2
80%
6BD3W
80%
2Z2WZ
79%
BAKA8
78%
24V5Z
77%
36NIL7
77%
23ZC4SDV
76%
4E5DR
76%
BUYFF67
76%
92N8DY
74%
56VXX
71%
ZXHOZ
69%
WYI8Z
67%
CNIV1
65%
V56WQ
26%
NB5UYUBT
14%
Aucun quiz correspondant
Distribution des résultats
% des personnes avec chaque résultat
Percentile par nombre de réponses
Votre historique - résultats
Vous n’avez pas pris ce quiz